000 00578pam a2200217 i 4500
001 375011
005 20180122094736.0
008 780821s1979 nyua b 001 0 eng
010 _a 78013398
020 _a0807725331
040 _aDLC
_cDLC
_dDLC
041 _aeng
080 _a301.320712 JAC
082 0 0 _a301.320712 JAC
100 1 _a46
101 _aEDU
245 1 0 _aPopulation education :
_cWillard J. Jacobson.
504 _aIncludes bibliographies and index.
906 _a7
_bcbc
_corignew
_d1
_eocip
_f19
_gy-gencatlg
942 _2ddc
_cBK
999 _c40693
_d40693